[Event "S60119 Premier Quad"]
[Site "CCLA"]
[Date "2016.05.09"]
[Round "?"]
[White "Vecchio, Ralph"]
[Black "Haase, F. Philip"]
[Result "0-1"]
[WhiteElo "1730"]
[BlackElo "1959"]

1. e4 c6 2. d4 d5 3. e5 Bf5 4. Nf3 e6 5. a3 c5 6. c4 dxc4 7. Bxc4 Nc6 8. 
O-O cxd4 9. Bb5 Bc5 10. b4 Bb6 11. Bb2 Ne7 12. Nxd4 Bxd4 13. Bxd4 a6 14. 
Bxc6+ Nxc6 15. Bc3 O-O 16. Nd2 Qd5 17. Qf3 Ne7 18. Rad1 Rac8 19. Qxd5 Nxd5
20. Nf3 Rxc3 21. a4 Bc2 22. Ra1 Nxb4 23. Nd4 Bd3 24. Rfd1 Rfc8 25. Nf3 Nc2
26. Ra2 b5 27. axb5 axb5 28. Ra7 h6 29. h3 b4 30. Nd2 Nd4 31. Rd7 Ne2+ 32.
 Kh2 Bc2 33. Re1 Rd3 0-1

[Event "S60071 Winter Series"]
[Site "CCLA"]
[Date "2016.01.28"]
[Round "?"]
[White "Bearce, Harold L."]
[Black "Ritzmann, Andrew M."]
[Result "0-1"]
[WhiteElo "1032"]
[BlackElo "1231"]

1. e4 c6 2. d4 d5 3. e5 Bf5 4. Nf3 e6 5. Nc3 Nd7 6. Be3 a6 7. Be2 c5 8. 
O-O Ne7 9. Bd3 Bxd3 10. Qxd3 Nc6 11. dxc5 Ndxe5 12. Nxe5 Nxe5 13. Qd2 Qc7 
14. b4 g6 15. Bd4 Bg7 16. Rfe1 O-O 17. Qe3 Ng4 0-1

[Event "S60071 Winter Series"]
[Site "CCLA"]
[Date "2016.01.28"]
[Round "?"]
[White "Rietema, Alexander"]
[Black "Ritzmann, Andrew M."]
[Result "1-0"]
[WhiteElo "1318"]
[BlackElo "1231"]

1. e4 c6 2. d4 d5 3. e5 Bf5 4. Nf3 e6 5. Nc3 a6 6. Bd3 Ne7 7. O-O Bg4 8. 
Bg5 Qb6 9. Na4 Qc7 10. Be2 Nf5 11. h3 Bxf3 12. Bxf3 Bb4 13. a3 Ba5 14. b4 
Bb6 15. Nxb6 Qxb6 16. c3 Nd7 17. Bg4 O-O 18. Bxf5 exf5 19. Qf3 g6 20. Rfe1
Rfe8 21. Re2 Qc7 22. Rae1 Nf8 23. Bf4 Ne6 24. Bh6 Qe7 25. Be3 b5 26. Qg3 
Rad8 27. h4 Nc7 28. Bg5 Qe6 29. Bxd8 Rxd8 30. Qg5 Re8 31. Qf6 Na8 32. Qxe6
fxe6 33. f4 Nb6 34. Kh2 Nc4 35. Ra1 h5 36. a4 bxa4 37. Rxa4 Ra8 38. Rea2 
Kf7 39. Rxa6 Rxa6 40. Rxa6 Ne3 41. Rxc6 Ng4+ 42. Kg3 Ke7 43. b5 Kd7 44. 
Ra6 Ne3 45. Rd6+ Kc7 46. Rxe6 Nc4 47. Rxg6 1-0

[Event "S60259 Regular Quad"]
[Site "CCLA"]
[Date "2016.08.07"]
[Round "?"]
[White "Vergara, Rene"]
[Black "Strelecky, Rich"]
[Result "0-1"]
[WhiteElo "1326"]
[BlackElo "1652"]

1. e4 c6 2. d4 d5 3. e5 Bf5 4. Nf3 e6 5. Be2 c5 6. O-O Nc6 7. c3 cxd4 8. 
cxd4 h6 9. a3 Nge7 10. Nh4 Qb6 11. b4 Qxd4 12. Qxd4 Nxd4 13. Nc3 Rc8 14. 
Nd1 Nxe2+ 0-1

[Event "S60329 Regular Quad"]
[Site "CCLA"]
[Date "2017.01.07"]
[Round "?"]
[White "Williams, Rufus H."]
[Black "Lavery, Thomas"]
[Result "1-0"]
[WhiteElo "1375"]
[BlackElo "1531"]

1. e4 c6 2. d4 d5 3. exd5 cxd5 4. Nf3 Nc6 5. Bb5 a6 6. Ba4 b5 7. Bb3 Nf6 
8. c3 e6 9. a3 Be7 10. h3 O-O 11. O-O Bb7 12. Bf4 Bd6 13. Bxd6 Qxd6 14. 
Bc2 Ne7 15. Ne5 Ng6 16. Bxg6 fxg6 17. Nd2 Nd7 18. Ndf3 Nxe5 19. Nxe5 Rf6 
20. f4 Rd8 21. Rf3 Bc8 22. Qd2 Rdf8 23. Raf1 Rf5 24. g4 R5f6 25. Kg2 Qc7 
26. h4 Bd7 27. Rh1 h6 28. h5 1-0

[Event "S60259 Regular Quad"]
[Site "CCLA"]
[Date "2016.08.07"]
[Round "?"]
[White "Williams, Rufus H."]
[Black "Strelecky, Rich"]
[Result "0-1"]
[WhiteElo "1375"]
[BlackElo "1652"]

1. e4 c6 2. Nf3 d5 3. exd5 cxd5 4. d4 Nc6 5. Bb5 Nf6 6. Nc3 Ne4 7. O-O 
Nxc3 8. bxc3 a6 9. Ba4 b5 10. Bb3 Bg4 11. Re1 Na5 12. h3 Bh5 13. g4 Bg6 
14. Bf4 e6 15. Qd2 Be7 16. Ne5 O-O 17. g5 Bf5 18. Qe3 Ba3 19. Qg3 Re8 20. 
Qh4 Bb2 21. Rab1 Bxc3 22. Re2 Bxd4 23. Ng4 Bxg4 24. Qxg4 Re7 25. h4 Bb6 
26. h5 Bc7 27. h6 Bxf4 28. Qxf4 Qc7 29. Qxc7 Rxc7 30. Rc1 gxh6 31. gxh6 
Rac8 32. Re3 Nxb3 33. axb3 Rxc2 34. Rxc2 Rxc2 35. Rg3+ Kh8 36. Rg7 Rc7 37.
 Kf1 a5 38. Ke2 a4 39. bxa4 bxa4 40. Rg3 Rc2+ 41. Ke1 d4 42. Ra3 Rc4 43. 
Kd2 Rb4 44. f4 f6 45. Ke2 e5 46. fxe5 fxe5 47. Rf3 Rb8 48. Rf7 Ra8 49. Re7
a3 50. Rxe5 a2 51. Rd5 a1=Q 52. Rxd4 Qxd4 0-1

[Event "S60169 Server NA Class D Ch"]
[Site "CCLA"]
[Date "2016.05.12"]
[Round "?"]
[White "Williams, Rufus H."]
[Black "Bearce, Harold L."]
[Result "1-0"]
[WhiteElo "1326"]
[BlackElo "1095"]

1. e4 c6 2. d4 d5 3. exd5 cxd5 4. Nf3 Nf6 5. Nc3 e6 6. Ne5 Qc7 7. Bb5+ 
Nbd7 8. Bf4 Qd8 9. O-O a6 10. Ba4 b5 11. Bb3 Be7 12. a3 O-O 13. Re1 Bb7 
14. h3 Rc8 15. Re3 Bd6 16. Qd2 Nxe5 17. Bxe5 Bxe5 18. Rxe5 Rc6 19. Rg5 Qd7
20. Qe3 Rfc8 21. Rc1 Qd6 22. Rxg7+ Kxg7 23. Qg5+ 1-0

[Event "S60259 Regular Quad"]
[Site "CCLA"]
[Date "2016.08.07"]
[Round "?"]
[White "Williams, Rufus H."]
[Black "Vergara, Rene"]
[Result "1-0"]
[WhiteElo "1375"]
[BlackElo "1326"]

1. e4 c6 2. d4 d5 3. exd5 cxd5 4. Nf3 Nf6 5. Nc3 Bg4 6. Bb5+ Nc6 7. O-O e6
8. h3 Bxf3 9. Qxf3 Be7 10. a3 O-O 11. Be3 Na5 12. Rfd1 Nc4 13. Bxc4 dxc4 
14. Qxb7 Nd7 15. Rab1 Nb6 16. Qf3 Nd5 17. Nxd5 exd5 18. Qg3 Bh4 19. Qf3 
Rb8 20. c3 f5 21. Rd2 Be7 22. Rdd1 Rb6 23. Rd2 Bg5 24. Bxg5 Qxg5 25. Re2 
a5 26. Qxd5+ Kh8 27. Qf3 a4 28. Qg3 Qxg3 29. fxg3 g6 30. Rd1 Rfb8 31. d5 
Rxb2 32. Rxb2 Rxb2 33. d6 Rb8 34. d7 Rd8 35. Kf2 Kg8 36. Ke3 Kf7 37. Rd5 
Ke6 38. Kd4 Rxd7 39. Rxd7 Kxd7 40. Kxc4 Kc6 41. Kb4 Kb6 42. Kxa4 Kc5 43. 
Kb3 h6 44. a4 1-0

[Event "S60329 Regular Quad"]
[Site "CCLA"]
[Date "2017.01.07"]
[Round "?"]
[White "Williams, Rufus H."]
[Black "Alvarez, Adrian Astur"]
[Result "0-1"]
[WhiteElo "1375"]
[BlackElo "1460"]

1. e4 c6 2. d4 d5 3. exd5 cxd5 4. Nf3 Nf6 5. Bd3 e6 6. c3 Be7 7. b3 O-O 8.
 O-O a5 9. a4 Nc6 10. Re1 Bd6 11. Ne5 Qc7 12. Bf4 Nd7 13. Qf3 f6 14. Qh3 
f5 15. Re3 Ncxe5 16. dxe5 Nxe5 17. Bxe5 Bxe5 18. Rf3 Bxc3 19. Nxc3 Qxc3 
20. Rb1 b6 21. Bb5 Qd2 22. Rd3 Qf4 23. Re1 Ra7 24. Rf3 Qd6 25. Qh4 e5 26. 
Rfe3 e4 27. Qg3 f4 28. Qh4 fxe3 29. Rxe3 Qf6 30. Qxf6 Rxf6 31. Kf1 Ba6 32.
 Bxa6 Rxa6 33. Ke1 Ra7 0-1

[Event "S60061 Winter Series"]
[Site "CCLA"]
[Date "2016.01.28"]
[Round "?"]
[White "Laaman, Thomas"]
[Black "Cangelosi, Dominic"]
[Result "1-0"]
[WhiteElo "1633"]
[BlackElo "1417"]

1. e4 c6 2. d4 d5 3. exd5 cxd5 4. Bd3 Nc6 5. Nf3 Bg4 6. O-O Nxd4 7. Nxd4 
Bxd1 8. Bb5+ Qd7 9. Bxd7+ Kxd7 10. Rxd1 e6 11. Nc3 Bc5 12. Nf3 Nf6 13. Bg5
Rag8 14. Bxf6 gxf6 15. Ne4 Bb6 16. Nxf6+ 1-0

[Event "S60089 Premier Quad"]
[Site "CCLA"]
[Date "2016.02.12"]
[Round "?"]
[White "Haase, F. Philip"]
[Black "Shannon, Paul D."]
[Result "1-0"]
[WhiteElo "1959"]
[BlackElo "1828"]

1. e4 c6 2. d4 d5 3. exd5 cxd5 4. Nf3 Nf6 5. Bd3 Nc6 6. c3 Bg4 7. Bf4 Qb6 
8. b3 e6 9. h3 Bxf3 10. Qxf3 Be7 11. O-O O-O 12. Nd2 Rac8 13. Qe3 Rfd8 14.
 Nf3 Bf8 15. Rac1 h6 16. b4 Ne7 17. Ne5 Nd7 18. Qf3 Nxe5 19. Bxe5 Nc6 20. 
Bf4 a6 21. Qg4 Kh8 22. Rfe1 Re8 23. a4 Ne7 24. Bd2 Ng8 25. Qf3 Qc7 26. b5 
axb5 27. Bxb5 Red8 28. c4 Qe7 29. Ba5 Nf6 30. Bxd8 Rxd8 31. cxd5 Nxd5 32. 
Bc4 Nb6 33. d5 e5 34. d6 Rxd6 35. Qxf7 Nxc4 36. Qxc4 Ra6 37. Qe4 Qd7 38. 
Rc4 Ra5 39. Qf3 Bd6 40. Rd1 Ra6 41. Qe4 b5 42. axb5 1-0

[Event "S60231 Summer Series"]
[Site "CCLA"]
[Date "2016.07.31"]
[Round "?"]
[White "Perry, William E."]
[Black "Alvarez, Adrian Astur"]
[Result "1-0"]
[WhiteElo "1493"]
[BlackElo "1460"]

1. d4 d5 2. Bf4 c5 3. c3 Nf6 4. e3 Nc6 5. Bd3 cxd4 6. exd4 a6 7. Nd2 e6 8.
 Ngf3 Bd6 9. Bg3 O-O 10. O-O Bxg3 11. hxg3 b5 12. b4 Re8 13. Ne5 Nxe5 14. 
dxe5 Nd7 15. Nf3 f6 16. Re1 Qc7 17. exf6 Nxf6 18. a4 bxa4 19. Qd2 Bd7 20. 
Ne5 Bb5 21. f4 Rac8 22. Re3 Qxc3 23. Bxh7+ Kxh7 24. Rxc3 Ne4 25. Rxc8 Nxd2
26. Rxe8 Bxe8 27. Nd3 Bb5 28. Nc5 d4 29. Nxa4 Nc4 30. Kf2 d3 31. Nc3 e5 
32. fxe5 Nxe5 33. Nxb5 axb5 34. Ke3 Kg6 35. Ra7 Kf6 36. Rb7 g5 37. Rxb5 
1-0

[Event "S67029 Gustafson Memorial Open"]
[Site "CCLA"]
[Date "2016.11.20"]
[Round "?"]
[White "Quanzaah, Emmanuel"]
[Black "Gredescul, Andrea"]
[Result "0-1"]
[WhiteElo "2163"]
[BlackElo "2166"]

1. e4 c6 2. d4 d5 3. exd5 cxd5 4. c4 Nf6 5. Nc3 g6 6. cxd5 Bg7 7. Qb3 O-O 
8. Be2 Na6 9. Bf3 Qb6 10. Qxb6 axb6 11. Nge2 Nb4 12. O-O Rd8 13. Bg5 Nbxd5
14. Nxd5 Nxd5 15. Nc3 Be6 16. Rfd1 Rd7 17. Bxd5 Bxd5 18. Bxe7 Bc4 19. Bg5 
Rxd4 20. Be3 Rxd1+ 21. Rxd1 b5 22. a3 Bb3 23. Rc1 Rd8 24. h3 Bc4 25. Bg5 
f6 26. Bf4 f5 27. Rd1 Rxd1+ 28. Nxd1 Kf7 29. Bd2 Bb3 30. Nc3 Ke6 31. Be3 
Bc4 32. Bc5 Kd7 33. Bb4 Kc6 34. Be7 Bd3 35. Bb4 Bh6 36. Nd1 Be2 37. Nc3 
Bc4 38. Nb1 Bg7 39. Bc3 Bxc3 40. bxc3 Kb6 41. f4 Ka5 42. Kf2 Ka4 43. Nd2 
Kxa3 44. Ke3 Bd5 45. g4 fxg4 46. hxg4 b4 47. cxb4 Kxb4 48. Ne4 b5 49. Nf6 
Kc4 50. Kd2 Be6 51. g5 Kb3 52. Ne4 Ka3 53. Kc1 b4 54. Nd6 Kb3 55. Ne4 Bf5 
56. Nf2 Kc4 0-1

[Event "S60231 Summer Series"]
[Site "CCLA"]
[Date "2016.07.31"]
[Round "?"]
[White "Sanchez, David A."]
[Black "Alvarez, Adrian Astur"]
[Result "0-1"]
[WhiteElo "1426"]
[BlackElo "1460"]

1. e4 c6 2. d4 d5 3. exd5 cxd5 4. c4 Nf6 5. Nc3 e6 6. Nf3 Bb4 7. cxd5 Nxd5
8. Bd2 Nc6 9. Bd3 Nce7 10. O-O O-O 11. Nxd5 Nxd5 12. Rc1 Bxd2 13. Qxd2 a6 
14. Rfe1 b5 15. Re5 Bb7 16. Rh5 Nf6 17. Rh4 h6 18. Ne5 Qd5 19. f3 Rfc8 20.
 Rxh6 Rxc1+ 0-1

[Event "S60169 Server NA Class D Ch"]
[Site "CCLA"]
[Date "2016.05.12"]
[Round "?"]
[White "Acebo, Brian"]
[Black "Bearce, Harold L."]
[Result "1-0"]
[WhiteElo "1376"]
[BlackElo "1095"]

1. e4 c6 2. d4 d5 3. Nc3 Nf6 4. e5 Ng8 5. Nf3 h6 6. h3 Bf5 7. Bd3 Bxd3 8. 
Qxd3 e6 9. Bf4 Be7 10. O-O f6 11. a3 Nd7 12. Ne2 Qc7 13. c4 Nb6 14. cxd5 
exd5 15. exf6 Qd7 16. f7+ Kxf7 17. Ne5+ 1-0

[Event "S60309 Regular Quad"]
[Site "CCLA"]
[Date "2017.01.07"]
[Round "?"]
[White "Smiley, William R."]
[Black "Lavery, Thomas"]
[Result "1/2-1/2"]
[WhiteElo "1563"]
[BlackElo "1531"]

1. e4 c6 2. d4 d5 3. Nc3 g6 4. Nf3 dxe4 5. Nxe4 Bg7 6. Be2 Nf6 7. Ng3 O-O 
8. O-O Bg4 9. Be3 e6 10. h3 Bxf3 11. Bxf3 Nbd7 12. Qd2 Nb6 13. b3 Nfd5 14.
 Rad1 Nxe3 15. fxe3 e5 16. c4 exd4 17. exd4 Qc7 18. Ne4 Nd7 19. c5 Nf6 20.
 Nd6 Ne8 21. Ne4 h6 22. b4 Rd8 23. Qf2 Qd7 24. d5 cxd5 25. Rxd5 Qc7 26. 
Rdd1 Nf6 27. Nxf6+ 1/2-1/2

[Event "S60119 Premier Quad"]
[Site "CCLA"]
[Date "2016.05.09"]
[Round "?"]
[White "Catania, Duane"]
[Black "Shannon, Paul D."]
[Result "1-0"]
[WhiteElo "1779"]
[BlackElo "1828"]

1. e4 c6 2. d4 d5 3. Nc3 dxe4 4. Nxe4 Nf6 5. Ng3 g6 6. Nf3 Bg7 7. Be2 O-O 
8. O-O Nbd7 9. c3 b6 10. Re1 Bb7 11. Qc2 Qc7 12. Bd3 e6 13. Bd2 c5 14. Qd1
Rfd8 15. Qe2 Nd5 16. Ba6 Rac8 17. Bxb7 Qxb7 18. Ne4 Qb8 19. Bg5 Re8 20. 
Qd2 cxd4 21. Nxd4 Nc5 22. Nxc5 Rxc5 23. Re2 b5 24. Rae1 b4 25. cxb4 Qxb4 
26. Nb3 Rb5 27. Qd3 Reb8 28. Re4 Qf8 29. Bc1 Nb4 30. Qb1 Qc8 31. Bf4 R8b7 
32. Rc1 Qf8 33. Rec4 Rd5 34. Rc8 Rd8 35. Rxd8 Qxd8 36. Nc5 Re7 37. a3 Nd5 
38. Bg3 Qb6 39. b4 Re8 40. h3 Qb5 41. Ne4 Ra8 42. Rc5 Qa6 43. Qc1 h6 44. 
Rc6 Qb7 45. Nd6 Qd7 46. b5 Kh7 47. a4 f5 48. Nc4 Nc3 49. Qc2 Rc8 50. Ne5 
Bxe5 51. Bxe5 1-0

[Event "S60119 Premier Quad"]
[Site "CCLA"]
[Date "2016.05.09"]
[Round "?"]
[White "Catania, Duane"]
[Black "Haase, F. Philip"]
[Result "0-1"]
[WhiteElo "1779"]
[BlackElo "1959"]

1. e4 c6 2. d4 d5 3. Nc3 dxe4 4. Nxe4 Nf6 5. Ng3 e5 6. dxe5 Qxd1+ 7. Kxd1 
Ng4 8. Nh3 Nxe5 9. f4 Ng6 10. f5 Ne7 11. Bd3 Nd7 12. Rf1 Ne5 13. Be2 f6 
14. Bf4 Bxf5 15. Nxf5 Nxf5 16. Kc1 g6 17. c3 h5 18. Kc2 Bh6 19. Rae1 Bxf4 
20. Nxf4 Ne3+ 21. Kb3 Nxf1 22. Bxf1 Kf7 23. Nd3 Nxd3 24. Bxd3 Rhe8 25. Rf1
f5 26. h3 Rad8 27. g4 Rxd3 0-1

[Event "S60259 Regular Quad"]
[Site "CCLA"]
[Date "2016.08.07"]
[Round "?"]
[White "Strelecky, Rich"]
[Black "Vergara, Rene"]
[Result "1-0"]
[WhiteElo "1652"]
[BlackElo "1326"]

1. e4 c6 2. d4 d5 3. Nc3 dxe4 4. Nxe4 Nd7 5. Nf3 Ngf6 6. Nxf6+ Nxf6 7. Bc4
Bf5 8. Ne5 e6 9. c3 Be7 10. h3 O-O 11. O-O Nd7 12. Re1 Nxe5 13. dxe5 Qc7 
14. Qe2 Rad8 15. Bf4 Rd7 16. Bb3 Rfd8 17. Red1 Bc5 18. Rxd7 Rxd7 19. Rd1 
b5 20. Rxd7 Qxd7 21. Bg5 Be7 22. Bxe7 Qxe7 23. Bc2 Bxc2 24. Qxc2 Qc5 25. 
Qe2 a5 26. a3 b4 27. axb4 axb4 28. Qd2 h6 29. Qd8+ Kh7 30. Qd3+ Kg8 31. 
Qd8+ Kh7 32. Qd6 Qc4 33. Qxb4 Qxb4 34. cxb4 Kg6 35. g3 f5 36. f4 h5 37. h4
Kf7 38. Kf2 Ke7 39. Ke3 Kd7 40. Kd4 Kc7 41. Kc5 Kb7 42. Kd6 Kc8 43. Kxe6 
Kc7 44. Kf7 Kd7 45. e6+ 1-0

[Event "S60309 Regular Quad"]
[Site "CCLA"]
[Date "2017.01.07"]
[Round "?"]
[White "Blankenship, Jerry T."]
[Black "Bearce, Harold L."]
[Result "1-0"]
[WhiteElo "1675"]
[BlackElo "1032"]

1. e4 c6 2. d4 d5 3. Nc3 dxe4 4. Nxe4 Bf5 5. Ng3 e6 6. Nxf5 exf5 7. Nf3 
Bd6 8. Bc4 Nf6 9. Qe2+ Qe7 10. Qxe7+ Bxe7 11. Bd3 g6 12. Bh6 Nbd7 13. O-O 
Ng8 14. Bg7 1-0

[Event "S60309 Regular Quad"]
[Site "CCLA"]
[Date "2017.01.07"]
[Round "?"]
[White "Smiley, William R."]
[Black "Bearce, Harold L."]
[Result "1/2-1/2"]
[WhiteElo "1563"]
[BlackElo "1032"]

1. e4 c6 2. d4 d5 3. Nc3 dxe4 4. Nxe4 Bf5 5. Ng3 Bg6 6. Nf3 h6 7. Bd3 Bxd3
8. Qxd3 e6 9. O-O Be7 10. Ne5 Nf6 11. Re1 Nbd7 12. b3 Bd6 13. Bb2 Qe7 14. 
Nf5 Qf8 15. Nxd6+ Qxd6 16. f4 Rf8 17. a4 Nb6 18. Ba3 1/2-1/2

[Event "S60099 Regular Quad"]
[Site "CCLA"]
[Date "2016.02.14"]
[Round "?"]
[White "Catania, Duane"]
[Black "Blankenship, Jerry T."]
[Result "0-1"]
[WhiteElo "1779"]
[BlackElo "1675"]

1. e4 c6 2. d4 d5 3. Nc3 dxe4 4. Nxe4 Bf5 5. Ng3 Bg6 6. Nf3 Nd7 7. Bd3 
Bxd3 8. Qxd3 Qc7 9. c4 Ngf6 10. O-O e6 11. Re1 O-O-O 12. Be3 Kb8 13. Reb1 
Ng4 14. a3 Bd6 15. b4 Nxe3 16. Qxe3 Bf4 17. Qb3 g5 18. b5 c5 19. dxc5 Nxc5
20. Qc2 g4 21. Ne1 Rd2 22. Qc3 Rhd8 23. Qg7 h5 24. Nxh5 Bxh2+ 25. Kh1 Ne4 
0-1

[Event "S60241 Summer Series"]
[Site "CCLA"]
[Date "2016.07.31"]
[Round "?"]
[White "Martindale, Roger"]
[Black "Bearce, Harold L."]
[Result "1-0"]
[WhiteElo "1190"]
[BlackElo "1032"]

1. e4 c5 2. c4 d6 3. Nc3 Nf6 4. h3 e6 5. d3 Be7 6. Nf3 O-O 7. Be2 Nc6 8. 
b3 b6 9. d4 Bb7 10. g4 Kh8 11. Qc2 a6 12. d5 exd5 13. cxd5 Nb8 14. Bb2 
Nbd7 15. O-O-O Re8 16. Ng5 Rf8 17. Bf3 Nxg4 18. hxg4 Bxg5+ 19. Kb1 Bf6 20.
 Qd2 Rc8 21. Ne2 Bxb2 22. Qxb2 Re8 23. Nf4 b5 24. Nh5 f6 25. Nf4 Ne5 26. 
Ne6 Qd7 27. Bg2 a5 28. f3 Ng6 29. Qd2 b4 30. Bh3 Nf8 31. g5 Nxe6 32. Bxe6 
1-0

[Event "S60231 Summer Series"]
[Site "CCLA"]
[Date "2016.07.31"]
[Round "?"]
[White "Sanchez, David A."]
[Black "Perry, William E."]
[Result "0-1"]
[WhiteElo "1426"]
[BlackElo "1493"]

1. e4 c5 2. b4 cxb4 3. a3 bxa3 4. Nxa3 d6 5. Bb2 e5 6. Nf3 Nf6 7. Qe2 Be7 
8. d4 Bg4 9. Nc4 Nc6 10. Rd1 Qc7 11. h3 Bh5 12. dxe5 dxe5 0-1

[Event "S60179 Regular Quad"]
[Site "CCLA"]
[Date "2016.05.12"]
[Round "?"]
[White "Smiley, William R."]
[Black "Cornacchio, Patrick T."]
[Result "1/2-1/2"]
[WhiteElo "1563"]
[BlackElo "1600"]

1. e4 c5 2. g3 g6 3. c3 e5 4. Bg2 Bg7 5. Nf3 Nc6 6. d3 Nf6 7. O-O O-O 8. 
Re1 d6 9. Nbd2 Bg4 10. Nf1 Re8 11. Ne3 Bxf3 12. Bxf3 b6 13. Nf1 d5 14. 
exd5 Nxd5 15. Bxd5 Qxd5 16. Ne3 Qd7 17. Qf3 b5 18. Nc2 a5 19. c4 Nd4 20. 
Nxd4 exd4 21. Bd2 bxc4 22. Rac1 cxd3 23. Rxc5 Rxe1+ 24. Bxe1 Re8 25. Bd2 
a4 26. Qxd3 Bf8 27. Rc4 Bg7 28. b3 axb3 29. axb3 Rc8 30. Rxc8+ Qxc8 31. b4
Qd7 32. b5 Qb7 1/2-1/2

[Event "S67109 Gustafson Memorial Open"]
[Site "CCLA"]
[Date "2016.11.20"]
[Round "?"]
[White "Sanchez, David A."]
[Black "Simonson, Jay"]
[Result "1/2-1/2"]
[WhiteElo "1419"]
[BlackElo "1337"]

1. e4 c5 2. b4 cxb4 3. Bb2 Nf6 4. Bc4 Nxe4 5. Bxf7+ Kxf7 6. Qh5+ Kg8 7. 
Qd5+ e6 8. Qxe4 Nc6 9. Nf3 Be7 10. O-O d5 11. Qe3 Na5 12. Ne5 Qc7 13. Qf3 
Bf6 14. Qh5 g6 15. Nxg6 hxg6 16. Qxg6+ Qg7 17. Qe8+ Kh7 18. Qh5+ Kg8 19. 
Qe8+ Kh7 20. Qh5+ Kg8 21. Qe8+ 1/2-1/2

[Event "S60031 Winter Series"]
[Site "CCLA"]
[Date "2016.01.28"]
[Round "?"]
[White "Abbey, William"]
[Black "Cacas, Alexander"]
[Result "1-0"]
[WhiteElo "2062"]
[BlackElo "1865"]

1. e4 c5 2. Be2 Nc6 3. f4 d6 4. Nf3 g6 5. d3 Bg7 6. O-O Nf6 7. a4 O-O 8. 
Na3 Qc7 9. c3 Bd7 10. Nc4 b6 11. Ne3 a6 12. Bd2 b5 13. Be1 Rfb8 14. Nd2 
Qc8 15. Bh4 e6 16. Qe1 Ne7 17. Bf3 Bc6 18. f5 exf5 19. Bxf6 Bxf6 20. exf5 
Bxf3 21. Rxf3 Nxf5 22. Nxf5 gxf5 23. Qf2 Qd7 24. Rxf5 Be5 25. Ne4 Qe7 26. 
Re1 Qf8 27. Re3 b4 28. Rxe5 dxe5 29. Rg3+ Kh8 30. Qf6+ 1-0

[Event "S60021 Winter Series"]
[Site "CCLA"]
[Date "2016.01.28"]
[Round "?"]
[White "Buss, Michael D."]
[Black "Jarmuz, Frederick"]
[Result "1-0"]
[WhiteElo "2363"]
[BlackElo "1965"]

1. e4 c5 2. Be2 Nc6 3. f4 g6 4. Nf3 Bg7 5. O-O d6 6. d3 e6 7. c3 Nge7 8. 
Be3 b6 9. d4 f5 10. e5 Nd5 11. Qd2 O-O 12. Na3 cxd4 13. cxd4 Nxe3 14. Qxe3
Nb4 15. Rac1 dxe5 16. dxe5 Re8 17. Rcd1 Nd5 18. Qb3 Bb7 19. Nd4 Qe7 20. 
Nab5 Rad8 21. Nxe6 Qxe6 22. Bc4 Kh8 23. Nd6 Rxd6 24. exd6 Qxd6 25. Bxd5 
Ba6 26. Rfe1 Rxe1+ 27. Rxe1 h5 28. g3 Kh7 29. Kg2 Kh6 30. Kh3 Qd7 31. Bf7 
Bf6 32. Qa3 Qxf7 33. Qxa6 Bxb2 34. Re2 Bf6 35. Qc8 h4 36. Rd2 Bg7 37. Qd8 
Bf6 38. Rd7 hxg3 39. hxg3 Bxd8 40. Rxf7 a5 41. Rd7 Bf6 42. g4 fxg4+ 43. 
Kxg4 a4 44. Rd6 Kg7 45. Rxb6 Be7 46. f5 g5 47. f6+ Bxf6 48. Ra6 Kf7 49. 
Rxa4 Ke6 50. Ra6+ 1-0

[Event "S60021 Winter Series"]
[Site "CCLA"]
[Date "2016.01.28"]
[Round "?"]
[White "Buss, Michael D."]
[Black "O'Keefe, Michael J."]
[Result "1-0"]
[WhiteElo "2363"]
[BlackElo "2074"]

1. e4 c5 2. Be2 Nc6 3. f4 d6 4. Nf3 g6 5. d3 Bg7 6. O-O Nf6 7. Qe1 O-O 8. 
Qh4 a6 9. a4 Bd7 10. Nc3 Rc8 11. Kh1 Nb4 12. Bd1 Qc7 13. f5 gxf5 14. Ng5 
Qd8 15. exf5 d5 16. Ne2 a5 17. Qh3 c4 18. d4 e6 19. fxe6 Bxe6 20. Nxe6 
fxe6 21. Nf4 Ne4 22. Bg4 Ng5 23. Bxe6+ Nxe6 24. Qxe6+ Kh8 25. c3 Nd3 26. 
Bd2 Nxf4 27. Bxf4 Rc6 28. Qe2 Re8 29. Qh5 Rce6 30. Kg1 R8e7 31. Bg3 Rh6 
32. Qf3 Rf6 33. Qxf6 Bxf6 34. Rxf6 Rg7 35. Raf1 Rxg3 36. hxg3 Kg8 37. Kh2 
Qe7 38. R6f5 Qd6 39. Rg5+ Kh8 40. Rff5 Qh6+ 41. Rh5 Qc6 42. Re5 Kg7 43. 
Re7+ Kg6 44. Rhxh7 Qxa4 45. g4 Qd1 46. Rhg7+ Kf6 47. Ref7+ Ke6 48. Rf4 Qc2
49. g5 1-0

[Event "S60221 Summer Series"]
[Site "CCLA"]
[Date "2016.07.31"]
[Round "?"]
[White "Smiley, William R."]
[Black "Mann, Wallace"]
[Result "1-0"]
[WhiteElo "1563"]
[BlackElo "1528"]

1. e4 c5 2. f4 g6 3. d4 cxd4 4. Qxd4 Nf6 5. e5 Nc6 6. Qd3 Ng8 7. Be3 Bg7 
8. Nc3 Nh6 9. h3 Qa5 10. Qb5 Nf5 11. Qxa5 Nxa5 12. Bf2 b6 13. Nf3 Nc6 14. 
Rd1 Bb7 15. Bc4 e6 16. O-O O-O-O 17. Ng5 Rdf8 18. Nce4 f6 19. exf6 Bxf6 
20. Nxf6 Rxf6 21. g4 d5 22. Bb5 Nfe7 23. Bg3 h6 24. Nf3 Rhf8 25. Be2 R6f7 
26. c3 h5 27. Ng5 h4 28. Nxf7 hxg3 29. Nd6+ Kb8 30. Kg2 d4 31. Nxb7 Kxb7 
32. cxd4 Nb4 33. Bc4 Nbd5 34. Kxg3 Ne3 35. Bxe6 1-0

[Event "S60221 Summer Series"]
[Site "CCLA"]
[Date "2016.07.31"]
[Round "?"]
[White "McLaughlin, Ed"]
[Black "Smiley, William R."]
[Result "1-0"]
[WhiteElo "1633"]
[BlackElo "1563"]

1. f4 c5 2. e4 e6 3. Nf3 d5 4. e5 Nd7 5. d4 b6 6. Bb5 c4 7. c3 Ne7 8. Be3 
a6 9. Ba4 b5 10. Bc2 Bb7 11. Nbd2 g6 12. O-O Nf5 13. Bf2 Bh6 14. g4 Ne7 
15. Ng5 Bg7 16. Bh4 h6 17. Ngf3 Qc7 18. a4 Nc6 19. Qe2 O-O 20. f5 gxf5 21.
 gxf5 exf5 22. Bxf5 Rfe8 23. Qg2 Kh8 24. Ng5 Nf8 25. axb5 axb5 26. Rxa8 
Bxa8 27. Nxf7+ Qxf7 28. Bg6 Qd7 29. Rf7 Ne7 30. Rxg7 1-0

[Event "S67099 Gustafson Memorial Open"]
[Site "CCLA"]
[Date "2016.11.20"]
[Round "?"]
[White "Acosta, Errol"]
[Black "Perry, William E."]
[Result "1-0"]
[WhiteElo "1462"]
[BlackElo "1465"]

1. e4 c5 2. f4 d5 3. exd5 Nf6 4. Nc3 Nxd5 5. Nf3 e6 6. d4 Be7 7. Bd3 cxd4 
8. Nxd4 Qb6 9. Nxd5 Qxd4 10. Bb5+ Bd7 11. Bxd7+ Nxd7 12. Qxd4 1-0

[Event "S60221 Summer Series"]
[Site "CCLA"]
[Date "2016.07.31"]
[Round "?"]
[White "Smiley, William R."]
[Black "Zarges, Ron V."]
[Result "0-1"]
[WhiteElo "1563"]
[BlackElo "1655"]

1. e4 c5 2. f4 d5 3. exd5 Nf6 4. Bb5+ Bd7 5. Bxd7+ Qxd7 6. c4 e6 7. dxe6 
Qxe6+ 8. Qe2 Qxe2+ 9. Nxe2 Nc6 10. O-O O-O-O 11. Nbc3 g6 12. a3 Na5 13. 
Rd1 Nxc4 14. b3 Nd6 15. d4 Nf5 16. dxc5 Rxd1+ 17. Nxd1 Bxc5+ 18. Kh1 Rd8 
19. Ndc3 Ne4 20. h3 Nf2+ 21. Kh2 Nd4 22. Nxd4 Bxd4 23. Bd2 Ne4 24. Rc1 
Nxd2 25. Ne4+ Kb8 0-1

[Event "S60221 Summer Series"]
[Site "CCLA"]
[Date "2016.07.31"]
[Round "?"]
[White "Smiley, William R."]
[Black "Greco, Tom"]
[Result "0-1"]
[WhiteElo "1563"]
[BlackElo "1668"]

1. e4 c5 2. f4 d5 3. exd5 Nf6 4. Bb5+ Nbd7 5. Nf3 a6 6. Bxd7+ Bxd7 7. c4 
b5 8. d3 g6 9. b3 Bg7 10. Bb2 O-O 11. Nbd2 Bf5 12. d4 Nd7 13. Ne5 bxc4 14.
 bxc4 Nxe5 15. dxe5 Qa5 16. O-O Qb6 17. Qc1 a5 18. Rf3 a4 19. a3 Rab8 20. 
Bc3 Qa6 21. h3 Rb6 22. g4 Bd7 23. Qf1 Rfb8 24. Ne4 Qc8 25. Qf2 f5 26. exf6
exf6 27. Nxf6+ Bxf6 28. Bxf6 Rxf6 0-1

[Event "S60221 Summer Series"]
[Site "CCLA"]
[Date "2016.07.31"]
[Round "?"]
[White "Mann, Wallace"]
[Black "Greco, Tom"]
[Result "0-1"]
[WhiteElo "1528"]
[BlackElo "1668"]

1. e4 c5 2. d4 cxd4 3. c3 Nc6 4. cxd4 d5 5. Be3 dxe4 6. f3 exf3 7. Nxf3 
Bg4 8. Bd3 Nf6 9. Nbd2 g6 10. O-O Bg7 11. Qa4 Nd5 12. Bf2 O-O 13. Ne5 Nb6 
14. Nxc6 Nxa4 15. Nxd8 Rfxd8 16. Nc4 Bxd4 17. Bxd4 Rxd4 18. Ne5 Be6 19. b3
f6 20. Bc4 Bxc4 21. Nxc4 b5 22. Rad1 Rxd1 23. Rxd1 bxc4 0-1